| 000 | 01142nam a2200301 a 4500 | ||
|---|---|---|---|
| 001 | ebr10720718 | ||
| 003 | CaPaEBR | ||
| 006 | m o u | ||
| 007 | cr cn||||||||| | ||
| 008 | 130621s2013 enkad sb 001 0 eng d | ||
| 010 | _z 2013936315 | ||
| 020 | _z9781848214651 | ||
| 020 | _z9781118574898 (e-book) | ||
| 040 |
_aCaPaEBR _cCaPaEBR |
||
| 035 | _a(OCoLC)851175080 | ||
| 050 | 1 | 4 |
_aTJ217.2 _b.F49 2013eb |
| 100 | 1 | _aFeyel, Philippe. | |
| 245 | 1 | 0 |
_aLoop-shaping robust control _h[electronic resource] / _cPhilippe Feyel. |
| 260 |
_aLondon : _bISTE, _c2013. |
||
| 300 |
_axxiv, 261 p. : _bill. |
||
| 440 | 0 | _aAutomation-control and industrial engineering series | |
| 504 | _aIncludes bibliographical references and index. | ||
| 533 |
_aElectronic reproduction. _bPalo Alto, Calif. : _cebrary, _d2013. _nAvailable via World Wide Web. _nAccess may be limited to ebrary affiliated libraries. |
||
| 650 | 0 | _aRobust control. | |
| 655 | 7 |
_aElectronic books. _2local |
|
| 710 | 2 | _aebrary, Inc. | |
| 856 | 4 | 0 |
_uhttp://site.ebrary.com/lib/rucke/Doc?id=10720718 _zAn electronic book accessible through the World Wide Web; click to view |
| 999 |
_c38816 _d38816 |
||